000 00814nam a2200229Ia 4500
003 OSt
005 20220923221654.0
006 a|||||r|||| 00| 0
007 ta
008 220922b |||||||| |||| 00| 0 hin d
024 _a199,231
037 _cTextual
040 _aARTS
_cARTS
_bhin
041 _2hin
_ahin
082 _aP44z, 152K7.1-.9
100 _aग्रियर्सन, अब्राहम
245 0 _aभारत का भाषा सर्वेक्षण, रामेश्वरप्रसाद अग्रवाल अनु
246 _aBhārat kā bhāṣhā sarvekṣhaṇa, rāmeshvaraprasād agravāl anu0
260 _c1967
942 _hP44z, 152K7.1-.9
_cTEXL
_2CC
999 _c351006
_d351006